000 00394nam a2200169 i 4500
001 bg
100 1 _aBARLIK, Roman
245 0 _aTechnika tyrystorowa /
_cR. Barlik, M. Nowak.
250 _aWyd.2 zm.
260 _aWarszawa,
_c1988.
700 1 _aNOWAK, Mieczysław
040 _cBPK
041 _apol
080 _a621.382.2/.3
942 _cKS
008 s pl f |000 0 pol
999 _c3794
_d3794
856 _uhttp://koha.tu.koszalin.pl/cgi-bin/koha/opac-detail.pl?biblionumber=3794
_yKatalog online BPK